Movies Quiz

Random Movies or Actor Quiz

Sean Connery Movies by Picture Quiz Stats

 Plays Quiz not verified by Sporcle

Challenge
Share
Tweet
Score 0/24 Timer 04:00
0 Plays Today
% Correct
Indiana Jones and the Last Crusade
91.2%
The Hunt for Red October
77.7%
Goldfinger
77.7%
The League of Ext. Gentlemen
62%
The Rock
61.6%
The Untouchables
60.7%
From Russia With Love
59.7%
Highlander
56.3%
Entrapment
49.1%
Dragonheart
47%
Robin Hood: Prince of Thieves
44.8%
Never Say Never Again
44.2%
% Correct
You Only Live Twice
42.3%
Finding Forrester
41%
The Name of the Rose
37.4%
First Knight
36%
The Man Who Would Be King
35.5%
Robin and Marian
28.2%
Zardoz
25.4%
Rising Sun
24.8%
The Longest Day
22.1%
Darby O'Gill and the Little People
22.1%
Murder on the Orient Express
20.7%
A Bridge Too Far
19.8%

You're not logged in!

Compare scores with friends on all Sporcle quizzes.
OR
Log In

You Might Also Like...

Show Comments

Extras

Top Quizzes Today


Score Distribution

Your Account Isn't Verified!

In order to create a playlist on Sporcle, you need to verify the email address you used during registration. Go to your Sporcle Settings to finish the process.

Report this User

Report this user for behavior that violates our Community Guidelines.

Details: